000 00542nam a2200193Ia 4500
999 _c3095
_d3095
003 OSt
005 20200813094339.0
008 190216s9999||||xx |||||||||||||| ||und||
020 _a8170146143
040 _coclc
082 _a547
_bSON/T
100 _aSoni, P L
_94083
245 0 _aText Book Of Organic Chemistry /
_cP L Soni ; H M Chawla
250 _a28th Ed.
260 _bSulthan Chand&Sons,
_c2003.
_aNew Delhi:
300 _a1345p
650 _aOrganic Chemistry
942 _cBK
_2ddc
_h547
_iSON/T
_k547
_mSON/T